| 000 | 00506nam a2200157 i 4500 | ||
|---|---|---|---|
| 001 | 149316 | ||
| 003 | ES-MaACL | ||
| 005 | 20230906203037.0 | ||
| 007 | t| | ||
| 008 | 071019s1959 sp ||||1| spa d | ||
| 245 | 0 | 0 | _aVeinte años de paz en el movimiento nacional bajo el mandato de Franco en la provincia de Alava. |
| 260 |
_a[S.l. : _bs.n., _c1959] ( _fTip. Egaña) |
||
| 300 |
_a338 p., 22 lám. ; _c34 cm. |
||
| 651 | 4 |
_aÁlava- _xHistoria- _y1939-1975. _9165863 |
|
| 852 |
_aES-MaACL _jB-8091 _bR.44876 |
||
| 999 |
_c149316 _d149316 |
||